000 01874nam a2200457 c 4500
003 BLK
005 20250516140155.0
008 180408b bul|||||r ||||||| ||bul||
010 _aKNG00044830000
020 _a978-954-321-869-1
_bиздат.: Изток-Запад
040 _aBLK
041 _aBUL
_cBUL
072 7 _2bullib
_aН92
_xИстория Н
080 _aТракийски племена и тракийска държава (V в. пр. н. е. -V в. от н. е. )
_b94(497.2)"-04/+04"
_x
_z94(497.2)"-04/+04"
080 _aРелигия на древните траки. Подразделя се като 291
_b292(=919.885)
_x
_z292(=919.885)
080 _a
_b392/394
_x(398)
_z392/394(398)
080 _aИзобразителни изкуства и художествени занаяти
_b73/76
_x(398)
_z73/76(398)
100 1 _aПопов, Димитър Петров
_eпърви автор
_9251918
139 _aПопов, Димитър Петров
_bП 76
245 1 0 _aТраки
_bИст. и културен обзор
_cДимитър Петров Попов.
257 _aBGR
260 София
_bИзток-Запад
_c2011
300 _a344 с.
_c22 см
380 _a9
500 _aСъдържа и за авт. - Библиогр.: с. 325-340.
650 4 _aТраки - история и култура
_9266676
651 4 _aБългария
_9241624
651 4 _aДревна Тракия
_9245252
653 _aтраки
653 _aистория
653 _aкултура
653 _aбит
653 _aизкуство
659 _aН
852 _aЦб 254126
856 4 _qpdf
_u
856 4 _qpdf
_u
942 _cKNG
_n0
_032
944 _aCR
_c21.12.2011
_lРусанова Ирена
_k30542
944 _aED
_c26.06.2017
_lф /
_kТеодора_Стоянова
999 _c41280
_d41280